[Event "Minsk op"]
[Site "Minsk"]
[Date "2010.08.10"]
[Round "7"]
[White "Zhigalko, Andrey"]
[Black "Bogachkov, Igor"]
[Result "1-0"]
[WhiteElo "2591"]
[BlackElo "2347"]
[PlyCount "55"]
[EventDate "2010.08.04"]
[EventType "swiss"]
[EventRounds "9"]
[EventCountry "BLR"]
[SourceTitle "CBM 137 Extra"]
[Source "ChessBase"]
[SourceDate "2010.09.01"]
[SourceVersion "1"]
[SourceVersionDate "2010.09.01"]
[SourceQuality "1"]

1. d4 Nf6 2. c4 g6 3. Nc3 Bg7 4. e4 d6 5. h3 0-0 6. Nf3 Na6 7. Bg5 Qe8 8. g4 e5 9. d5 Kh8 10. a3 Ng8 11. b4 f5 12. gxf5 gxf5 13. Bd3 Qh5 14. Be3 c5 15. dxc6 bxc6 16. exf5 Nc7 17. Ng5 Qxd1+ 18. Rxd1 d5 19. Bc5 Rf6 20. cxd5 cxd5 21. Nxd5 Nxd5 22. Be4 Nc7 23. Bxa8 Nxa8 24. Rd8 Bb7 25. Rg1 Bc6 26. Ne6 Rf7 27. f6 Rxf6 28. Rxg7 1-0

[Event "Moscow op-A"]
[Site "Moscow"]
[Date "2009.02.07"]
[Round "8"]
[White "Bogachkov, Igor"]
[Black "Ulko, Jaroslav"]
[Result "1-0"]
[WhiteElo "2324"]
[BlackElo "2501"]
[PlyCount "33"]
[EventDate "2009.01.31"]
[EventType "swiss"]
[EventRounds "9"]
[EventCountry "RUS"]
[SourceTitle "EXT 2023"]
[Source "ChessBase"]
[SourceDate "2022.10.05"]
[SourceVersion "1"]
[SourceVersionDate "2022.10.05"]
[SourceQuality "1"]

1. e4 c5 2. Nf3 d6 3. d4 cxd4 4. Nxd4 Nf6 5. Nc3 a6 6. Bg5 Nbd7 7. Bc4 e6 8. f4 b5 9. Bxe6 fxe6 10. Nxe6 Qa5 11. Nxf8 Rxf8 12. Qxd6 Qb6 13. Qd2 b4 14. Nd5 Nxd5 15. exd5 Nf6 16. 0-0-0 Qd6 17. Rhe1+ 1-0

[Event "Moscow op-A"]
[Site "Moscow"]
[Date "2009.01.31"]
[Round "1"]
[White "Chudinovskikh, Alexander M"]
[Black "Bogachkov, Igor"]
[Result "1-0"]
[WhiteElo "2379"]
[BlackElo "2324"]
[PlyCount "68"]
[EventDate "2009.01.31"]
[EventType "swiss"]
[EventRounds "9"]
[EventCountry "RUS"]
[SourceTitle "EXT 2022"]
[Source "ChessBase"]
[SourceDate "2021.10.06"]
[SourceVersion "1"]
[SourceVersionDate "2021.10.06"]
[SourceQuality "1"]

1. e4 c5 2. Nf3 Nc6 3. Bb5 g6 4. 0-0 Bg7 5. Re1 Nf6 6. c3 0-0 7. h3 e5 8. d3 d6 9. Nbd2 Bd7 10. Nf1 a6 11. Ba4 b5 12. Bb3 Nh5 13. Kh2 Kh8 14. g3 Qc8 15. Ng5 Nd8 16. g4 Nf4 17. Bxf4 exf4 18. Qd2 f5 19. gxf5 gxf5 20. Qe2 fxe4 21. Qh5 Bf5 22. dxe4 Bg6 23. Qh4 c4 24. Bd1 Qc5 25. Bf3 Bf6 26. e5 Bxg5 27. Qxg5 Qxf2+ 28. Qg2 Qxg2+ 29. Kxg2 Ra7 30. exd6 Rd7 31. Rad1 Bd3 32. Re7 Rxd6 33. Kf2 Ne6 34. h4 Nc5 1-0

[Event "Pardubice Chladek&Tintera op-A 19th"]
[Site "Pardubice"]
[Date "2008.07.21"]
[Round "4"]
[White "Akesson, Ralf"]
[Black "Bogachkov, Igor"]
[Result "1-0"]
[WhiteElo "2481"]
[BlackElo "2343"]
[PlyCount "70"]
[EventDate "2008.07.18"]
[EventType "swiss"]
[EventRounds "9"]
[EventCountry "CZE"]
[SourceTitle "CBM 125 Extra"]
[Source "ChessBase"]
[SourceDate "2008.09.01"]
[SourceVersion "1"]
[SourceVersionDate "2008.09.01"]
[SourceQuality "1"]

1. d4 Nf6 2. c4 g6 3. Nc3 Bg7 4. e4 d6 5. Nf3 0-0 6. h3 Na6 7. Bg5 Qe8 8. Bd3 e5 9. 0-0 Nh5 10. Re1 c6 11. Bf1 Nc7 12. Be3 Qe7 13. Qd2 Ne6 14. d5 Nef4 15. dxc6 bxc6 16. Rad1 Rd8 17. c5 Bf8 18. cxd6 Rxd6 19. Qxd6 Qxd6 20. Rxd6 Bxd6 21. g3 Ne6 22. Rd1 Bc7 23. Bc4 Nhg7 24. Na4 Kf8 25. Nc5 Ke7 26. Na6 Bd6 27. Ng5 f6 28. Nf7 Bxa6 29. Nxd6 Bxc4 30. Nxc4 a6 31. Rd3 Ne8 32. Nb6 Rd8 33. Rc3 Rd4 34. Kg2 Kd6 35. Nc4+ Kd7 1-0

[Event "Pardubice Chladek&Tintera op-A 19th"]
[Site "Pardubice"]
[Date "2008.07.20"]
[Round "3"]
[White "Bogachkov, Igor"]
[Black "Szoen, Dariusz"]
[Result "1-0"]
[WhiteElo "2343"]
[BlackElo "2477"]
[PlyCount "120"]
[EventDate "2008.07.18"]
[EventType "swiss"]
[EventRounds "9"]
[EventCountry "CZE"]
[SourceTitle "CBM 125 Extra"]
[Source "ChessBase"]
[SourceDate "2008.09.01"]
[SourceVersion "1"]
[SourceVersionDate "2008.09.01"]
[SourceQuality "1"]

1. e4 c5 2. Nf3 d6 3. d4 cxd4 4. Nxd4 Nf6 5. Nc3 Nc6 6. Bc4 e6 7. Be3 a6 8. Qe2 Be7 9. 0-0-0 0-0 10. Bb3 Qe8 11. g4 Nd7 12. f4 Nc5 13. f5 b5 14. Kb1 Nxb3 15. axb3 b4 16. Na4 Rb8 17. Qf2 Nxd4 18. Rxd4 Rb5 19. h4 Bb7 20. Rhd1 Qa8 21. g5 f6 22. gxf6 Bxf6 23. Rxd6 Bxe4 24. fxe6 Be7 25. Qg3 Rf3 26. Qg1 Bxd6 27. Rxd6 Qf8 28. Rd1 Re5 29. Bc5 Qf6 30. Bd4 Qxe6 31. Nc5 Bxc2+ 32. Kxc2 Qf5+ 33. Kc1 Re7 34. Qg5 Qxg5+ 35. hxg5 a5 36. Kd2 Rf8 37. Rg1 Kf7 38. Nd3 Kg6 39. Be3 Rf3 40. Re1 Kf5 41. Nc5 Re5 42. Nd3 Re8 43. Re2 Re7 44. Nc5 Re8 45. Nd3 Re6 46. Nc5 Rd6+ 47. Nd3 Kg6 48. Rh2 Rg3 49. Ke2 Kf5 50. Rf2+ Kg4 51. Ne5+ Kh3 52. Rf1 Rd5 53. Bf4 Rxb3 54. Rh1+ Kg2 55. Rh2+ Kg1 56. Nf3+ Rxf3 57. Kxf3 Rd3+ 58. Ke4 Rb3 59. Be5 h6 60. g6 a4 1-0

[Event "Soukhumi op"]
[Site "Soukhumi"]
[Date "2007.08.10"]
[Round "7"]
[White "Panarin, Mikhail"]
[Black "Bogachkov, Igor"]
[Result "1/2-1/2"]
[WhiteElo "2529"]
[BlackElo "2287"]
[PlyCount "60"]
[EventDate "2007.08.03"]
[EventType "swiss"]
[EventRounds "9"]
[EventCountry "RUS"]
[SourceTitle "EXT 2009"]
[Source "ChessBase"]
[SourceDate "2008.11.26"]
[SourceVersion "1"]
[SourceVersionDate "2008.11.26"]
[SourceQuality "1"]

1. e4 c5 2. Nf3 Nc6 3. d4 cxd4 4. Nxd4 e5 5. Nb5 d6 6. N1c3 a6 7. Na3 b5 8. Nd5 Nf6 9. c4 Nxd5 10. cxd5 Nb8 11. Bd3 Be7 12. 0-0 0-0 13. Nc2 Nd7 14. Nb4 Bb7 15. a4 bxa4 16. Nc6 Bxc6 17. dxc6 Nc5 18. Be3 Rc8 19. Bxc5 dxc5 20. Rxa4 Rxc6 21. Bxa6 Qxd1 22. Rxd1 Ra8 23. Rda1 Rb6 24. Bc4 Rxa4 25. Rxa4 Rxb2 26. Ra8+ Bf8 27. g3 Rb7 28. Re8 Re7 29. Rc8 Ra7 30. Re8 Re7 1/2-1/2

[Event "Soukhumi op"]
[Site "Soukhumi"]
[Date "2007.08.05"]
[Round "3"]
[White "Bogachkov, Igor"]
[Black "Kiselev, Vitaliy1111"]
[Result "1/2-1/2"]
[WhiteElo "2287"]
[BlackElo "2509"]
[PlyCount "63"]
[EventDate "2007.08.03"]
[EventType "swiss"]
[EventRounds "9"]
[EventCountry "RUS"]
[SourceTitle "EXT 2009"]
[Source "ChessBase"]
[SourceDate "2008.11.26"]
[SourceVersion "1"]
[SourceVersionDate "2008.11.26"]
[SourceQuality "1"]

1. e4 e6 2. d4 d5 3. Nd2 c5 4. exd5 Qxd5 5. Ngf3 cxd4 6. Bc4 Qd6 7. 0-0 Nf6 8. Nb3 Nc6 9. Nbxd4 Nxd4 10. Nxd4 a6 11. c3 Qc7 12. Bd3 Bd6 13. h3 0-0 14. Qc2 h6 15. Qe2 b6 16. Re1 Re8 17. Bd2 Bb7 18. Rad1 Bh2+ 19. Kh1 Bf4 20. Bxf4 Qxf4 21. Qe3 Qxe3 22. Rxe3 Rad8 23. Ree1 g6 24. Be2 Rd7 25. Nc2 Red8 26. Rxd7 Nxd7 27. Rd1 Kf8 28. Kg1 Ke8 29. Kf1 f5 30. h4 g5 31. hxg5 hxg5 32. f3 1/2-1/2

[Event "Minsk Inautomarket op"]
[Site "Minsk"]
[Date "2007.07.13"]
[Round "4"]
[White "Dzhakaev, Dzhakay"]
[Black "Bogachkov, Igor"]
[Result "1-0"]
[WhiteElo "2498"]
[BlackElo "2287"]
[PlyCount "49"]
[EventDate "2007.07.10"]
[EventType "swiss"]
[EventRounds "9"]
[EventCountry "BLR"]
[SourceTitle "EXT 2008"]
[Source "ChessBase"]
[SourceDate "2007.11.25"]
[SourceVersion "1"]
[SourceVersionDate "2007.11.25"]
[SourceQuality "1"]

1. e4 c5 2. Nf3 Nc6 3. Nc3 g6 4. d4 cxd4 5. Nxd4 Bg7 6. Be3 Nf6 7. Bc4 Qa5 8. 0-0 d6 9. h3 0-0 10. Bb3 Bd7 11. f4 Nxd4 12. Bxd4 e5 13. Be3 Bc6 14. f5 Bxe4 15. Nxe4 Nxe4 16. fxg6 hxg6 17. Bxf7+ Rxf7 18. Rxf7 Kxf7 19. Qf3+ Bf6 20. Qxe4 d5 21. Qg4 Qd8 22. Rf1 Kg7 23. Qe6 d4 24. Rxf6 dxe3 25. Rxg6+ 1-0

[Event "Nezhmetdinov Memorial 29th"]
[Site "Kazan"]
[Date "2007.06.09"]
[Round "9"]
[White "Bogachkov, Igor"]
[Black "Demianjuk, Alexander"]
[Result "1/2-1/2"]
[WhiteElo "2287"]
[BlackElo "2316"]
[PlyCount "31"]
[EventDate "2007.06.01"]
[EventType "swiss"]
[EventRounds "9"]
[EventCountry "RUS"]
[SourceTitle "CBM 119 Extra"]
[Source "ChessBase"]
[SourceDate "2007.09.04"]
[SourceVersion "1"]
[SourceVersionDate "2007.09.04"]
[SourceQuality "1"]

1. e4 c5 2. Nc3 Nc6 3. Nf3 g6 4. d4 cxd4 5. Nxd4 Bg7 6. Be3 Nf6 7. Bc4 0-0 8. Bb3 a5 9. f3 d6 10. Qd2 Bd7 11. a4 Nxd4 12. Bxd4 Be6 13. Bxe6 fxe6 14. e5 Nh5 15. exd6 exd6 16. 0-0-0 1/2-1/2

[Event "Moscow Aeroflot op-C"]
[Site "Moscow"]
[Date "2006.02.10"]
[Round "4"]
[White "Bogachkov, Igor"]
[Black "Nukin, Tolegen"]
[Result "0-1"]
[WhiteElo "2328"]
[BlackElo "2258"]
[PlyCount "90"]
[EventDate "2006.02.07"]
[EventType "swiss"]
[EventRounds "9"]
[EventCountry "RUS"]
[SourceTitle "EXT 2007"]
[Source "ChessBase"]
[SourceDate "2006.11.23"]
[SourceVersion "1"]
[SourceVersionDate "2006.11.23"]
[SourceQuality "1"]

1. e4 e5 2. Nf3 Nc6 3. Bb5 d6 4. d4 Bd7 5. Nc3 exd4 6. Nxd4 g6 7. Be3 Nf6 8. Qd2 Ng4 9. Bg5 f6 10. Bf4 Bg7 11. Bc4 Nge5 12. Bd5 Qc8 13. Nde2 Nf7 14. Be3 Ncd8 15. f4 0-0 16. 0-0 Kh8 17. a4 a5 18. Bb3 Re8 19. Ng3 Be6 20. Nd5 Qd7 21. Bd4 Bxd5 22. exd5 Nh6 23. Rae1 Ng8 24. Rxe8 Qxe8 25. Re1 Qd7 26. f5 Nf7 27. c4 Ne5 28. Rf1 b6 29. Bc2 Ne7 30. b3 Rf8 31. Be3 Ng4 32. h3 Ne5 33. Ne2 Nxf5 34. Bxf5 gxf5 35. Nd4 f4 36. Bxf4 f5 37. Bh6 Rf6 38. Bxg7+ Qxg7 39. Rxf5 Rxf5 40. Nxf5 Nf3+ 41. Kf2 Nxd2 42. Nxg7 Kxg7 43. Ke3 Nxb3 44. Kf4 Nc5 45. Kf5 Kf7 0-1

[Event "Moscow Aeroflot op-C"]
[Site "Moscow"]
[Date "2006.02.07"]
[Round "1"]
[White "Bogachkov, Igor"]
[Black "Mascellani, Marco"]
[Result "0-1"]
[WhiteElo "2328"]
[BlackElo "2286"]
[PlyCount "116"]
[EventDate "2006.02.07"]
[EventType "swiss"]
[EventRounds "9"]
[EventCountry "RUS"]
[SourceTitle "EXT 2007"]
[Source "ChessBase"]
[SourceDate "2006.11.23"]
[SourceVersion "1"]
[SourceVersionDate "2006.11.23"]
[SourceQuality "1"]

1. e4 c5 2. Nf3 Nc6 3. Bb5 g6 4. 0-0 Bg7 5. c3 e5 6. d4 cxd4 7. cxd4 exd4 8. Bf4 a6 9. Ba4 Qe7 10. Na3 b5 11. Bxb5 Nf6 12. e5 axb5 13. exf6 Qxf6 14. Re1+ Kf8 15. Qd2 Ba6 16. Bg5 Qd6 17. Nc2 h6 18. Bf4 Qf6 19. Nb4 Bb7 20. Ne5 Kg8 21. Nd5 Qd8 22. Nxc6 dxc6 23. Nc7 c5 24. Re8+ Qxe8 25. Nxe8 Rxe8 26. Qa5 Bc6 27. Qb6 Re6 28. Qxc5 Kh7 29. h4 Rd8 30. Rd1 Rd5 31. Qa3 Rf5 32. Bg3 Re2 33. Kf1 Re3 34. Qd6 Bd5 35. b3 Rc3 36. Kg1 Rc2 37. a4 Bxb3 38. axb5 Rxb5 39. Rxd4 Bxd4 40. Qxd4 Rf5 41. Qb6 Be6 42. Qb8 Re2 43. Bf4 Re4 44. Bg3 Bd5 45. Kh2 Rg4 46. Qb6 Re4 47. Qd8 g5 48. Qc8 Be6 49. Qb7 Rg4 50. hxg5 Rfxg5 51. Qb1+ Rg6 52. Qb5 h5 53. Kg1 h4 54. Be5 Bc4 55. Qe8 Rxg2+ 56. Kh1 Rg1+ 57. Kh2 R6g2+ 58. Kh3 Be6+ 0-1

[Event "Moscow op 02nd"]
[Site "Moscow"]
[Date "2006.02.03"]
[Round "6"]
[White "Bogachkov, Igor"]
[Black "Vasiukov, Evgeni"]
[Result "1/2-1/2"]
[WhiteElo "2366"]
[BlackElo "2493"]
[PlyCount "87"]
[EventDate "2006.01.29"]
[EventType "swiss"]
[EventRounds "9"]
[EventCountry "RUS"]
[SourceTitle "CBM 110 Extra"]
[Source "ChessBase"]
[SourceDate "2006.03.10"]
[SourceVersion "2"]
[SourceVersionDate "2006.03.10"]
[SourceQuality "1"]

1. g3 f5 2. Bg2 Nf6 3. d3 e5 4. c4 Bb4+ 5. Bd2 Bxd2+ 6. Qxd2 0-0 7. Nc3 c6 8. e4 d6 9. Nge2 Be6 10. exf5 Bxf5 11. d4 Na6 12. 0-0 Qc7 13. Rad1 e4 14. Qg5 Qd7 15. f3 h6 16. Qd2 exf3 17. Rxf3 Nc7 18. Rdf1 Be6 19. d5 cxd5 20. Nxd5 Ncxd5 21. cxd5 Bg4 22. Re3 Rae8 23. Nf4 Rxe3 24. Qxe3 b6 25. h3 Re8 26. Qd2 Bf5 27. g4 Be4 28. Ne6 Bxg2 29. Qxg2 Qb7 30. Rf5 Nh7 31. h4 Nf8 32. Nxf8 Rxf8 33. Rxf8+ Kxf8 34. Qf3+ Ke8 35. Kf2 Qc7 36. Qe4+ Kd8 37. Qd4 Qc5 38. Ke3 Qc1+ 39. Ke2 Qc7 40. Kf3 Qe7 41. h5 Kc7 42. a4 Kb8 43. b4 Qf7+ 44. Kg3 1/2-1/2

[Event "Moscow op 02nd"]
[Site "Moscow"]
[Date "2006.01.31"]
[Round "3"]
[White "Gavrilov, Alexei"]
[Black "Bogachkov, Igor"]
[Result "0-1"]
[WhiteElo "2487"]
[BlackElo "2366"]
[PlyCount "79"]
[EventDate "2006.01.29"]
[EventType "swiss"]
[EventRounds "9"]
[EventCountry "RUS"]
[SourceTitle "CBM 110 Extra"]
[Source "ChessBase"]
[SourceDate "2006.03.10"]
[SourceVersion "2"]
[SourceVersionDate "2006.03.10"]
[SourceQuality "1"]

1. d4 Nf6 2. c4 g6 3. Nc3 Bg7 4. e4 d6 5. Nf3 0-0 6. Be2 e5 7. Be3 Ng4 8. Bg5 f6 9. Bc1 f5 10. dxe5 Nxe5 11. exf5 Rxf5 12. 0-0 Nbc6 13. Nd5 Nxf3+ 14. Bxf3 Nd4 15. Be4 Rf8 16. Be3 Nf5 17. Bxf5 Bxf5 18. Bd4 Bxd4 19. Qxd4 c6 20. Ne3 Qf6 21. Rad1 Qxd4 22. Rxd4 Rad8 23. Rfd1 Rf6 24. g4 Bc8 25. Kg2 b6 26. g5 Re6 27. Ng4 Re2 28. Nh6+ Kg7 29. Kg3 Be6 30. Rxd6 Rxd6 31. Rxd6 Bxc4 32. b3 Bd5 33. Rd7+ Kf8 34. Rxa7 Be4 35. Ng4 Bb1 36. Ra6 b5 37. Rxc6 Bxa2 38. Rb6 Rb2 39. Kf4 Rxb3 40. Nf6 0-1

[Event "Minsk Inautomarket op"]
[Site "Minsk"]
[Date "2005.07.18"]
[Round "9"]
[White "Bogachkov, Igor"]
[Black "Tunik, Gennady"]
[Result "1-0"]
[WhiteElo "2337"]
[BlackElo "2446"]
[PlyCount "131"]
[EventDate "2005.07.06"]
[EventType "swiss"]
[EventRounds "9"]
[EventCountry "BLR"]
[SourceTitle "CBM 107 Extra"]
[Source "ChessBase"]
[SourceDate "2005.09.01"]
[SourceVersion "1"]
[SourceVersionDate "2005.09.01"]
[SourceQuality "1"]

1. e4 c5 2. Nf3 e6 3. d4 cxd4 4. Nxd4 Nc6 5. Nc3 Qc7 6. Be2 a6 7. Be3 Nf6 8. 0-0 Bb4 9. Na4 Be7 10. Nxc6 bxc6 11. Nb6 Rb8 12. Nxc8 Qxc8 13. Bd4 c5 14. Bc3 Nxe4 15. Bxg7 Rg8 16. Be5 d6 17. f3 Nf2 18. Rxf2 dxe5 19. b3 c4 20. Kh1 Qc5 21. Qe1 c3 22. Bxa6 Bh4 23. g3 Bg5 24. Bd3 Bd2 25. Rxd2 cxd2 26. Qxd2 h5 27. Qh6 Rd8 28. Qxh5 Qe3 29. Rf1 Rd4 30. Kg2 Ke7 31. Rf2 Rg5 32. Qh8 Rd8 33. Qh4 f6 34. Qb4+ Kf7 35. Qb7+ Kf8 36. Qc6 Ke7 37. Re2 Qa7 38. f4 Rh5 39. Bc4 Rd6 40. Qf3 Rh8 41. fxe5 fxe5 42. Bd3 Rf8 43. Qh5 Rd5 44. a4 Kd8 45. Qh4+ Kc8 46. Qc4+ Kd7 47. Be4 Rd1 48. Qb5+ Kd8 49. Qxe5 Qg1+ 50. Kh3 Rd7 51. Qg5+ Kc8 52. Re3 Rh8+ 53. Kg4 Qd1+ 54. Rf3 Qd4 55. Rf4 Qd6 56. h4 e5 57. Rf6 Qd4 58. Qf5 Kc7 59. Kh3 Rg8 60. Rf7 Rg7 61. Rxd7+ Rxd7 62. h5 Qd6 63. Qg6 Qc5 64. h6 Qg1 65. h7 Qf1+ 66. Kh4 1-0

[Event "RUS-chT 10th final B"]
[Site "Togliatti"]
[Date "2003.05.24"]
[Round "2"]
[White "Bogachkov, Igor"]
[Black "Frolyanov, Dmitry"]
[Result "1/2-1/2"]
[WhiteElo "2324"]
[BlackElo "2500"]
[PlyCount "104"]
[EventDate "2003.05.23"]
[EventType "team-tourn"]
[EventRounds "3"]
[EventCountry "RUS"]
[SourceTitle "EXT 2020"]
[Source "ChessBase"]
[SourceDate "2019.10.17"]
[SourceVersion "1"]
[SourceVersionDate "2019.10.17"]
[SourceQuality "1"]
[WhiteTeam "Omsk Lidrikh"]
[BlackTeam "Togliatti Lada"]
[WhiteTeamCountry "RUS"]
[BlackTeamCountry "RUS"]

1. e4 c5 2. Nf3 e6 3. c3 d5 4. d3 Nf6 5. Qc2 Nc6 6. Bg5 h6 7. Bh4 g5 8. Bg3 Nh5 9. Ne5 Nxg3 10. Nxc6 Qc7 11. hxg3 Qxc6 12. Be2 b6 13. Bf3 Bb7 14. exd5 exd5 15. 0-0 0-0-0 16. c4 Bg7 17. Nc3 Bxc3 18. Qxc3 Qd6 19. cxd5 f5 20. d4 c4 21. b3 g4 22. Be2 Qxd5 23. Qxc4+ Qxc4 24. Bxc4 Rxd4 25. Be6+ Kb8 26. Bxf5 Rf8 27. Be6 Rf6 28. Bc4 Rd2 29. a4 Bd5 30. Bxd5 Rxd5 31. Rad1 Rfd6 32. Rxd5 Rxd5 33. Re1 Kc8 34. Re4 h5 35. b4 Rd1+ 36. Kh2 Rd2 37. Rf4 a6 38. Kg1 Rd1+ 39. Kh2 Rd2 40. Rf5 Kd7 41. b5 axb5 42. axb5 Ke6 43. Rxh5 Rxf2 44. Kg1 Rf5 45. Rh6+ Rf6 46. Rh4 Rf5 47. Rh6+ Rf6 48. Rh4 Rf5 49. Rxg4 Rxb5 50. Rf4 Rf5 51. Kf2 Kf6 52. Ke3 Kg5 1/2-1/2

[Event "RUS-chT 10th Group1"]
[Site "Togliatti"]
[Date "2003.05.22"]
[Round "7"]
[White "Bogachkov, Igor"]
[Black "Belozerov, Andrei"]
[Result "1/2-1/2"]
[WhiteElo "2324"]
[BlackElo "2533"]
[PlyCount "83"]
[EventDate "2003.05.16"]
[EventType "team-tourn"]
[EventRounds "6"]
[EventCountry "RUS"]
[SourceTitle "EXT 2020"]
[Source "ChessBase"]
[SourceDate "2019.10.17"]
[SourceVersion "1"]
[SourceVersionDate "2019.10.17"]
[SourceQuality "1"]
[WhiteTeam "Omsk Lidrikh"]
[BlackTeam "Tomsk 400"]
[WhiteTeamCountry "RUS"]
[BlackTeamCountry "RUS"]

1. e4 e5 2. Nf3 Nc6 3. Bb5 a6 4. Ba4 Nf6 5. d4 exd4 6. 0-0 Be7 7. Re1 b5 8. e5 Nxe5 9. Rxe5 d6 10. Re1 bxa4 11. Nxd4 Bd7 12. Qf3 0-0 13. Nc6 Bxc6 14. Qxc6 Re8 15. Nc3 a3 16. b3 Qd7 17. Qxd7 Nxd7 18. Nd5 Bf8 19. Bxa3 c6 20. Nf4 d5 21. Bxf8 Kxf8 22. Kf1 a5 23. Rxe8+ Kxe8 24. Re1+ Kd8 25. a4 Nc5 26. Re3 Kd7 27. Nd3 Nxd3 28. Rxd3 Kd6 29. Ke2 c5 30. Rf3 f6 31. Rh3 h6 32. Rg3 Re8+ 33. Kd3 Re7 34. Re3 Re5 35. Rxe5 fxe5 36. f3 g5 37. g4 Kc6 38. Ke3 Kd6 39. Kd3 Ke6 40. Ke3 Kf6 41. Kd3 Ke7 42. Ke3 1/2-1/2

[Event "RUS-chT 10th Group1"]
[Site "Togliatti"]
[Date "2003.05.21"]
[Round "6"]
[White "Lysyj, Igor"]
[Black "Bogachkov, Igor"]
[Result "1-0"]
[WhiteElo "2475"]
[BlackElo "2324"]
[PlyCount "71"]
[EventDate "2003.05.16"]
[EventType "team-tourn"]
[EventRounds "6"]
[EventCountry "RUS"]
[SourceTitle "EXT 2020"]
[Source "ChessBase"]
[SourceDate "2019.10.17"]
[SourceVersion "1"]
[SourceVersionDate "2019.10.17"]
[SourceQuality "1"]
[WhiteTeam "Nizhny Tagil Politekhnik"]
[BlackTeam "Omsk Lidrikh"]
[WhiteTeamCountry "RUS"]
[BlackTeamCountry "RUS"]

1. d4 Nf6 2. Nf3 g6 3. g3 Bg7 4. Bg2 0-0 5. 0-0 d6 6. b3 Nfd7 7. Bb2 Nc6 8. Na3 e5 9. dxe5 Ndxe5 10. Nxe5 Nxe5 11. Rb1 Rb8 12. c4 Bf5 13. Nc2 Qd7 14. Re1 a5 15. e4 Bg4 16. f3 Bh3 17. Bh1 a4 18. f4 axb3 19. axb3 Nc6 20. Ne3 Be6 21. f5 gxf5 22. Qh5 Bxb2 23. Rxb2 f6 24. exf5 Bf7 25. Qh6 Ne5 26. Rd2 b5 27. Qxf6 Qd8 28. Qh6 Kh8 29. Rd4 bxc4 30. bxc4 Bg8 31. c5 Rb2 32. cxd6 c5 33. Rdd1 Nf7 34. Qf4 Re8 35. d7 Ng5 36. Qxg5 1-0

[Event "Moscow Aeroflot op-B"]
[Site "Moscow"]
[Date "2003.02.12"]
[Round "2"]
[White "Bogachkov, Igor"]
[Black "Kouvatsou, Maria"]
[Result "1-0"]
[WhiteElo "2349"]
[BlackElo "2208"]
[PlyCount "97"]
[EventDate "2003.02.10"]
[EventType "swiss"]
[EventRounds "9"]
[EventCountry "RUS"]
[SourceTitle "CBM 094"]
[Source "ChessBase"]
[SourceDate "2003.05.26"]
[SourceVersion "1"]
[SourceVersionDate "2003.05.26"]
[SourceQuality "1"]

1. d4 Nf6 2. c4 g6 3. Nc3 Bg7 4. e4 d6 5. Be2 0-0 6. Nf3 e5 7. 0-0 Nc6 8. d5 Ne7 9. b4 a5 10. Ba3 Nh5 11. Re1 Nf4 12. Bf1 f5 13. Nd2 axb4 14. Bxb4 c5 15. dxc6 Nxc6 16. a3 Qg5 17. Re3 Nxb4 18. axb4 Rxa1 19. Qxa1 Ne6 20. Nf3 Qh5 21. Nd5 Nd4 22. Ne7+ Kh8 23. Nxd4 exd4 24. Rh3 Qg4 25. exf5 d3 26. Qe1 Bxf5 27. Nxf5 Rxf5 28. Bxd3 Rf8 29. Re3 Qc8 30. Re4 Qd8 31. g3 d5 32. cxd5 Qxd5 33. Bc4 Qd6 34. Kg2 Bd4 35. f3 Bg7 36. f4 Qc6 37. f5 Qd6 38. Qe2 Qc6 39. b5 Qc5 40. Re7 Bf6 41. Rxb7 Rd8 42. Rd7 Rxd7 43. Qe8+ Kg7 44. Qxd7+ Kh6 45. Qc6 Qd4 46. b6 Qb2+ 47. Kh3 Bd4 48. b7 Qb1 49. g4 1-0

[Event "Petrov Memorial op"]
[Site "St Petersburg"]
[Date "2002.02.20"]
[Round "9"]
[White "Bogachkov, Igor"]
[Black "Kochyev, Alexander"]
[Result "0-1"]
[WhiteElo "2348"]
[BlackElo "2410"]
[PlyCount "74"]
[EventDate "2002.02.12"]
[EventType "swiss"]
[EventRounds "9"]
[EventCountry "RUS"]
[SourceTitle "CBM 086 Extra"]
[Source "ChessBase"]
[SourceDate "2002.03.14"]
[SourceVersion "1"]
[SourceVersionDate "2002.03.14"]
[SourceQuality "1"]

1. d4 Nf6 2. c4 d6 3. Nc3 e5 4. Nf3 Nbd7 5. e4 g6 6. Be2 Bg7 7. 0-0 0-0 8. Re1 c6 9. Bf1 a5 10. Rb1 Re8 11. d5 Nc5 12. b3 Bd7 13. dxc6 Bxc6 14. Bg5 h6 15. Bxf6 Qxf6 16. Nd5 Qd8 17. Nd2 h5 18. Rb2 Bxd5 19. cxd5 Bh6 20. Nb1 h4 21. a3 Qg5 22. Nc3 Rec8 23. b4 axb4 24. axb4 Na6 25. Nb5 Qd8 26. Qb3 Nc7 27. Nc3 Ne8 28. Nb5 Nf6 29. Qh3 Bc1 30. Rb1 Bg5 31. Bd3 Kg7 32. Red1 Qb6 33. Qf3 Ra2 34. g3 Rxf2 35. Qxf2 Be3 36. Rb2 Bxf2+ 37. Rxf2 Ng4 0-1

[Event "Petrov Memorial op"]
[Site "St Petersburg"]
[Date "2002.02.19"]
[Round "8"]
[White "Zacurdajev, Mikhail"]
[Black "Bogachkov, Igor"]
[Result "0-1"]
[WhiteElo "2210"]
[BlackElo "2348"]
[PlyCount "80"]
[EventDate "2002.02.12"]
[EventType "swiss"]
[EventRounds "9"]
[EventCountry "RUS"]
[SourceTitle "CBM 086 Extra"]
[Source "ChessBase"]
[SourceDate "2002.03.14"]
[SourceVersion "1"]
[SourceVersionDate "2002.03.14"]
[SourceQuality "1"]

1. Nf3 Nf6 2. c4 g6 3. b4 Bg7 4. Bb2 0-0 5. g3 d6 6. Bg2 Bg4 7. h3 Bd7 8. d4 Qc8 9. Nbd2 c5 10. dxc5 dxc5 11. b5 Bf5 12. g4 Be6 13. Ng5 Bd7 14. Qb3 h6 15. Nge4 Be6 16. Nxf6+ exf6 17. Qf3 a6 18. Ne4 Nd7 19. Rd1 axb5 20. Rxd7 Bxd7 21. Nxf6+ Kh8 22. Qf4 Rxa2 23. Be5 Bc6 24. g5 Qf5 25. Qxf5 gxf5 26. Rg1 Bxg2 27. Rxg2 bxc4 28. e4 fxe4 29. Rg4 hxg5 30. h4 Bxf6 31. Bxf6+ Kh7 32. hxg5 Re8 33. Kf1 Kg6 34. Rf4 b5 35. Rh4 e3 36. Rh6+ Kf5 37. Rh3 e2+ 38. Ke1 Rc2 39. Rf3+ Kg6 40. Re3 Rxe3 0-1

[Event "Petrov Memorial op"]
[Site "St Petersburg"]
[Date "2002.02.16"]
[Round "5"]
[White "Yagupov, Igor"]
[Black "Bogachkov, Igor"]
[Result "0-1"]
[WhiteElo "2466"]
[BlackElo "2348"]
[PlyCount "94"]
[EventDate "2002.02.12"]
[EventType "swiss"]
[EventRounds "9"]
[EventCountry "RUS"]
[SourceTitle "CBM 086 Extra"]
[Source "ChessBase"]
[SourceDate "2002.03.14"]
[SourceVersion "1"]
[SourceVersionDate "2002.03.14"]
[SourceQuality "1"]

1. e4 c5 2. Nc3 Nc6 3. f4 e6 4. Nf3 Nge7 5. d4 cxd4 6. Nxd4 Nxd4 7. Qxd4 Nc6 8. Qd3 d5 9. exd5 Nb4 10. Qe4 Nxd5 11. Bd2 Bd7 12. Nxd5 Bc6 13. c4 Be7 14. Bc3 exd5 15. Qe5 f6 16. Qe6 d4 17. Bb4 a5 18. Bc5 Kf8 19. Bxe7+ Qxe7 20. Qxe7+ Kxe7 21. Rd1 Rad8 22. Kf2 Kd6 23. Rxd4+ Kc5 24. Rd3 Be4 25. Rb3 Rd1 26. h4 Bc6 27. Rhh3 Rd4 28. g3 Rd2+ 29. Ke1 Rhd8 30. g4 a4 31. Rbd3 R8xd3 32. Rxd3 Rxb2 33. a3 Rb1+ 34. Kf2 b5 35. Rd8 bxc4 36. Rc8 c3 37. Bd3 c2 38. Be4 Rb6 39. Rxc6+ Rxc6 40. Bxc2 Kd4 41. Bxa4 Rc3 42. Bd7 Rxa3 43. Bc6 g6 44. g5 f5 45. Bf3 Rxf3+ 46. Kxf3 Kd3 47. h5 Kd4 0-1